| 000 | 00752nam a22002177a 4500 | ||
|---|---|---|---|
| 003 | OSt | ||
| 005 | 20221028181949.0 | ||
| 008 | 221021b |||||||| |||| 00| 0 eng d | ||
| 020 | _a2-914935-71-4 | ||
| 040 | _cBiblioteca LadoV | ||
| 082 |
_a013.944 _bW869m |
||
| 100 |
_9238 _aWolton, Domitique _eautor |
||
| 245 |
_aMondes Francophones/ _bAuteurs et Livres de langue francaise depus 1990/ |
||
| 260 |
_aFrancia _c2006 _bADPF |
||
| 300 |
_a734p. _c17x24cm |
||
| 650 |
_2Tesauro de Arte & Arquitectura _aBIOGRAFIA |
||
| 650 |
_2Tesauro de Arte & Arquitectura _aAUTORES FRANCES |
||
| 650 |
_2Tesauro de Arte & Arquitectura _aREFERENCIA |
||
| 650 |
_2Tesauro de Arte & Arquitectura _aFRANCIA |
||
| 942 |
_2ddc _c1 _h013.944 _iW869m _n0 |
||
| 999 |
_c2402 _d2402 |
||